000 00422nam a2200169Ia 4500
008 230524s9999 xx 000 0 und d
020 _a9788127252458
082 _bSAR
100 _aAmit Sarin
_942741
245 0 _aConcepts of Electromagnetic Field Theory
250 _a3
260 _aNew Delhi
_bkalyani pub
_c2013
300 _a"XXI,614p;"
500 _aQuantity Number: 1
650 _aElectrical
942 _cBK
999 _c57723
_d57723